Music Quiz

Random Music or Bands Quiz

50 Two-Word Bands by Two-Word Songs Quiz Stats

 Plays Quiz Updated Aug 14, 2015

Also try: Band Name Origins
Challenge
Share
Tweet
Embed
Score 0/50 Timer 10:00
0 Plays Today
% Correct
Bee Gees
95.1%
Green Day
89.3%
Culture Club
84.7%
Lynyrd Skynyrd
82.5%
No Doubt
75.9%
Pink Floyd
75.9%
Los Lobos
73.1%
Black Sabbath
70.5%
Bad Company
68.8%
Soft Cell
68.2%
Smash Mouth
67%
Led Zeppelin
66.4%
Jefferson Airplane
61%
Daft Punk
59.1%
Snow Patrol
57.2%
Pearl Jam
56.5%
Spin Doctors
56.4%
Jane's Addiction
56.2%
Talking Heads
55.8%
ZZ Top
53.5%
Mötley Crüe
51.3%
Ram Jam
50.8%
Blind Melon
50.3%
Golden Earring
49.7%
Duran Duran
49.1%
% Correct
Night Ranger
48.8%
Mr. Mister
45.1%
Counting Crows
42.9%
Soul Asylum
42.9%
Fleetwood Mac
42.4%
Modest Mouse
41.3%
Sugar Ray
41.2%
Rose Royce
39.6%
New Order
38.8%
Cheap Trick
38.2%
Def Leppard
37.7%
Foo Fighters
35.6%
Barenaked Ladies
35.1%
Til Tuesday
34.6%
Steely Dan
31.2%
Van Halen
28.7%
Thompson Twins
28.6%
Grateful Dead
28.3%
Vampire Weekend
25.6%
Linkin Park
23.9%
Wilson Phillips
21.9%
Arrested Development
21.6%
Depeche Mode
19%
Naked Eyes
17.5%
Sonic Youth
15.9%

You're not logged in!

Compare scores with friends on all Sporcle quizzes.
OR
Log In

You Might Also Like...

Show Comments

Extras

Top Quizzes Today


Score Distribution

Your Account Isn't Verified!

In order to create a playlist on Sporcle, you need to verify the email address you used during registration. Go to your Sporcle Settings to finish the process.

Report this User

Report this user for behavior that violates our Community Guidelines.

Details: